Normal view MARC view
  • Supervisor by Lec Aamir Masood Khan

Entry Personal Name

Number of records used in: 1

001 - CONTROL NUMBER

  • control field: 131813

003 - CONTROL NUMBER IDENTIFIER

  • control field: NUST

005 - DATE AND TIME OF LATEST TRANSACTION

  • control field: 20251111180020.0

008 - FIXED-LENGTH DATA ELEMENTS

  • fixed length control field: 251111|| aca||aabn | a|a d

040 ## - CATALOGING SOURCE

  • Original cataloging agency: NUST
  • Transcribing agency: NUST

100 ## - HEADING--PERSONAL NAME

  • Personal name: Supervisor by Lec Aamir Masood Khan

670 ## - SOURCE DATA FOUND

  • Source citation: Work cat.: (NUST)182677: Masood , NC Abdullah (TCC-10) 131812, Design and simulation of 3G AMR speech codec /, 2002
© 2023 Central Library, National University of Sciences and Technology. All Rights Reserved.